| 000 | 00421nam a22001457a 4500 | ||
|---|---|---|---|
| 020 | _a9781491914250 | ||
| 040 | _cNUST | ||
| 082 | _a006.31 PAT | ||
| 100 |
_aPatterson, Josh _998778 |
||
| 110 |
_aGibson, Adam _998779 |
||
| 245 | _aDeep Learning : A Practitioner's Approach | ||
| 260 |
_aSebastopol: _bO'Reilly Media, _c2017. |
||
| 650 |
_aDeep Learning : A Practitioner's Approach.NUSTTB2022 _9102798 |
||
| 942 |
_2ddc _cBK |
||
| 999 |
_c591359 _d591359 |
||